000 00563nam a22002057a 4500
003 0
005 20251111093135.0
008 251111b xxu||||| |||| 00| 0 eng d
020 _a0-451-17628-6
050 _aPS 3558.E356
_b.H44 1993
100 _aHeffernan, William,
_eauthor.
245 _aCorsican honor /
_cWilliam Heffernan.
260 _aNew York, NY :
_bSignet,
_c1993.
300 _a484 pages ;
_c18 cm.
650 _aFamily
_xFiction.
650 _aMafia
_xFiction.
650 _aCriminals
_xFiction.
650 _aSuspense fiction.
942 _2lcc
_cBK
999 _c368557
_d368557